Optimizacion de procesos industriales en Servicios Generales del Oeste
Na minha lista:
| Autor principal: | |
|---|---|
| Outros Autores: | |
| Formato: | Livro |
| Publicado em: |
San José, Costa Rica
1993
|
| Assuntos: | |
| Tags: |
Adicionar Tag
Sem tags, seja o primeiro a adicionar uma tag!
|
MARC
| LEADER | 00000nam a2200000Ia 4500 | ||
|---|---|---|---|
| 003 | 007449 | ||
| 005 | 20221231144303.0 | ||
| 008 | 140114s1993 cr a m 000 ||s d | ||
| 040 | |c cru CEDI | ||
| 090 | |a TFG 3159 | ||
| 100 | |a Aguilar Méndez, Jorge Eduardo |9 11278 | ||
| 245 | |a Optimizacion de procesos industriales en Servicios Generales del Oeste | ||
| 260 | |c 1993 |a San José, Costa Rica | ||
| 300 | |a xxi, [282] hojas : ilustraciones ; 28 cm. | ||
| 500 | |a Proyecto de graduacion (licenciatura en ingenieria Industrial)--Universidad de Costa Rica. Facultad de Ingeniería. Escuela de Ingenieria Industrial | ||
| 650 | |x ANALISIS DE SISTEMAS |x OPTIMIZACION MATEMATICA |x SERVICIOS GENERALES DEL OESTE (COSTA RICA) |9 11279 | ||
| 700 | |a Aguilar Ríos, Héctor Ricardo |9 11280 | ||
| 942 | |c TFG | ||
| 999 | |c 19609 |d 19609 | ||
